000 00594nam a2200217 a 4500
999 _c1912
_d1912
001 1912
003 BD-JhCC
005 20171209093753.0
008 171026s1954 n |||| ||a| 000 0 eng d
035 _a(BD-JhCC)1912
040 _aBD-JhCC
_dBD-JhCC
041 _aeng
082 _a428.1
_bALL 1954
100 _aAllen, W.Stannard
245 _aLiving English Speech :
_bstress and Information Practice for the foreign student /
_cW.Stnnard Allen
260 _aNewyork :
_bLongmans ,
_c1954
300 _a194 p .:
_c22 cm .
650 _aEnglish Languge
942 _2ddc
_cBK